| 000 | 00480nam a2200193 a 4500 | ||
|---|---|---|---|
| 001 | 1757919163142 | ||
| 003 | ACL | ||
| 005 | 20250915122550.0 | ||
| 008 | 250915s2009##################000#0#eng## | ||
| 020 | _a9783822835944 | ||
| 082 | 0 | 4 |
_a791.4305 _bYOU |
| 100 | 1 |
_aYoung, Paul, _eauthor. |
|
| 245 | 1 | 0 | _aArt Cinema. Ediz. Inglese : |
| 260 |
_bTaschen America Llc, _c2009. |
||
| 300 | _a191 pages | ||
| 650 | 0 | _aPerforming Arts. | |
| 942 | _cENGLISH | ||
| 040 |
_aACL _beng _cACL |
||
| 999 |
_c587131 _d587131 |
||